000 nam a22 7a 4500
999 _c2881
_d2881
005 20170518144937.0
008 170518b1987 txu||||| |||| 00| 0 eng d
020 _a0256036845 (pbk.)
040 _aAKMAL
082 _a658 DON
090 _a658
_bDON
245 0 0 _aPerspectives on management /
_cedited by James H. Donnelly, Jr., James L. Gibson, John M. Ivancevich.
250 _a6th ed.
260 _aPlano, Tex. :
_bBusiness Publications,
_c1987
300 _a xi, 367 p. :
_bill. ;
_c24 cm
504 _a Includes bibliographies
599 _aDALAM PROSES
650 0 _aManagement.
_91462
700 1 _aDonnelly, James H.
_96059
700 1 _a Gibson, James L.
_d1935-
_q(James Lawrence),
_96060
700 1 _aIvancevich, John M.
_96061
942 _2ddc
_cBOOK